What Katy Did Next
| Main Author: | |
|---|---|
| Format: | Book |
| Published: |
England :
Peter Haddock Ltd
|
MARC
| LEADER | 00000cam a2200000 7i4500 | ||
|---|---|---|---|
| 001 | 0000051814 | ||
| 005 | 20150909.0 | ||
| 008 | 150909 | ||
| 020 | |a 0710502257 | ||
| 090 | 0 | 0 | |a 499.2386 |b COO |
| 100 | 1 | |a Coolidge,Susan | |
| 245 | 1 | 0 | |a What Katy Did Next |c Coolidge,Susan |
| 260 | |a England : |b Peter Haddock Ltd | ||
| 999 | |a 0000880307 |b Book |c Adult Collection |e Cawangan Pontian | ||
| 999 | |a 0000880467 |b Book |c Adult Collection |e Cawangan Pontian | ||